Statistics for Word Chain - Christmas

Click here to take the quiz!

General Stats

  • This quiz has been taken 32,159 times
  • The average score is 20 of 25

Answer Stats

HintAnswer% Correct
Reindeer with a shiny red noseRudolph
99%
Silent night, ____ nightHoly
92%
Pointed the way to BethlehemStar
92%
Santa's helperElf
91%
What houses, cookies, and men
are made of
Gingerbread
91%
Cause of many a kissMistletoe
89%
Tasty or disgusting holiday beverage,
according to one's tastes
Eggnog
87%
Calendar that counts the days
until Christmas
Advent
85%
Christmas ballet: The __________Nutcracker
85%
Christmas thiefGrinch
83%
What Santa checks twiceList
82%
Shiny silver stuff to put on a treeTinsel
81%
Common tree topperAngel
80%
We three _____ of Orient areKings
80%
Oh come, all ye ________Faithful
78%
____ the night before Christmas'Twas
78%
Something Scrooge saysHumbug
75%
Pa ___ pum pum pumRum
75%
Visions of _____plums danced
in their heads
Sugar
72%
What ten lords doLeap
68%
Country that celebrates Christmas
on January 7th
Russia
67%
City where Tiny Tim livedLondon
59%
Pagan festival replaced by ChristmasYule
58%
Green and red holiday plant,
originally from Mexico
Poinsettia
53%
A wassail is a type of ...Drink
49%

Score Distribution

Percentile by Number Answered

Percent of People with Each Score

Your Score History

You have not taken this quiz